|
|
|
|
| LEADER |
01701nam a2200421 a 4500 |
| 001 |
EBC427631 |
| 003 |
MiAaPQ |
| 005 |
20200520144314.0 |
| 006 |
m o d | |
| 007 |
cr cn||||||||| |
| 008 |
081222s2009 caua sb 000 0 eng d |
| 010 |
|
|
|z 2008051603
|
| 020 |
|
|
|z 9780470182673 (pbk.)
|
| 020 |
|
|
|z 9780470438039
|
| 035 |
|
|
|a (MiAaPQ)EBC427631
|
| 035 |
|
|
|a (Au-PeEL)EBL427631
|
| 035 |
|
|
|a (CaPaEBR)ebr10298057
|
| 035 |
|
|
|a (CaONFJC)MIL211328
|
| 035 |
|
|
|a (OCoLC)476269583
|
| 040 |
|
|
|a MiAaPQ
|c MiAaPQ
|d MiAaPQ
|
| 050 |
|
4 |
|a HM751
|b .S772 2009
|
| 082 |
0 |
4 |
|a 001
|2 22
|
| 100 |
1 |
|
|a Strachan, Dorothy,
|d 1947-
|
| 245 |
1 |
0 |
|a Managing facilitated processes
|h [electronic resource] :
|b a guide for consultants, facilitators, managers, trainers, event planners, and educators /
|c Dorothy Strachan and Marian Pitters.
|
| 260 |
|
|
|a San Francisco :
|b Jossey-Bass,
|c c2009.
|
| 300 |
|
|
|a xxi, 174 p. :
|b ill.
|
| 490 |
1 |
|
|a The Jossey-Bass business & management series
|
| 504 |
|
|
|a Includes bibliographical references.
|
| 505 |
0 |
|
|a pt. 1. From contact to contract -- pt. 2. Approach and style -- pt. 3. Management x5 : participants, speakers, logistics, documents, feedback.
|
| 533 |
|
|
|a Electronic reproduction. Ann Arbor, MI : ProQuest, 2015. Available via World Wide Web. Access may be limited to ProQuest affiliated libraries.
|
| 650 |
|
0 |
|a Group facilitation.
|
| 650 |
|
0 |
|a Consultants.
|
| 650 |
|
0 |
|a Planning.
|
| 655 |
|
4 |
|a Electronic books.
|
| 700 |
1 |
|
|a Pitters, Marian,
|d 1952-
|
| 710 |
2 |
|
|a ProQuest (Firm)
|
| 830 |
|
0 |
|a Jossey-Bass business & management series.
|
| 856 |
4 |
0 |
|u https://ebookcentral.proquest.com/lib/matrademy/detail.action?docID=427631
|z Click to View
|